Library Banner

Technology in world civilization : (Record no. 97761)

MARC details
000 -LEADER
fixed length control field 00562pam a2200193 a 4500
001 - CONTROL NUMBER
control field 2452474
005 - DATE AND TIME OF LATEST TRANSACTION
control field 20170830111127.0
008 - FIXED-LENGTH DATA ELEMENTS--GENERAL INFORMATION
fixed length control field 890714s1990 maua b 001 0 eng
020 ## - INTERNATIONAL STANDARD BOOK NUMBER
International Standard Book Number 0262161176
040 ## - CATALOGING SOURCE
Transcribing agency PK-LaUMT
082 00 - DEWEY DECIMAL CLASSIFICATION NUMBER
Classification number 609
Edition number 20
Item number PAC-T
100 1# - MAIN ENTRY--PERSONAL NAME
Personal name Pacey, Arnold
245 10 - TITLE STATEMENT
Title Technology in world civilization :
Remainder of title a thousand-year history /
Statement of responsibility, etc Arnold Pacey
260 ## - PUBLICATION, DISTRIBUTION, ETC. (IMPRINT)
Place of publication, distribution, etc Cambridge, Mass. :
Name of publisher, distributor, etc MIT Press,
Date of publication, distribution, etc 1990
300 ## - PHYSICAL DESCRIPTION
Extent xi, 238 p. :
Other physical details ill. ;
Dimensions 24 cm.
650 #0 - SUBJECT ADDED ENTRY--TOPICAL TERM
Topical term or geographic name as entry element Technology
General subdivision History.
650 #0 - SUBJECT ADDED ENTRY--TOPICAL TERM
Topical term or geographic name as entry element Technology transfer
General subdivision History.
942 ## - ADDED ENTRY ELEMENTS (KOHA)
Koha item type Books
Holdings
Withdrawn status Lost status Damaged status Home library Current library Date acquired Full call number Barcode Date last seen Price effective from Koha item type
      UMT Main Campus UMT Main Campus 2017-08-30 609 PAC-T 113852 2017-08-30 2017-08-30 Books